书目信息

书名: 室内设计原理与实务 
作者: 刘鹏 权凤 袁杰 主编
出版信息: 沈阳   东北大学出版社  2021.4
开本页数: 29cm  186页
丛书名:
单 册:
中图分类: TU238
科图分类:
主题词: 室内装饰设计--shi nei zhuang shi she ji--教材
电子资源:
ISBN: 978-7-5517-2662-7
000 01419nam0 2200277 450
001 012022000637
005 20220607165707.1
010    @a978-7-5517-2662-7@dCNY75.00
100    @a20220310d2021 em y0chiy50 ea
101 @achi
102    @aCN@b210000
105    @aa a 000yy
106    @ar
200 @a室内设计原理与实务@Ashi nei she ji yuan li yu shi wu@f主编刘鹏, 权凤, 袁杰
210    @a沈阳@c东北大学出版社@d2021.4
215    @a186页@c图 (部分彩图)@d29cm
300    @a精品课程配套教材 21世纪应用型人才培养规划教材 “双创”型人才培养优秀教材
320    @a有书目 (第185-186页)
330    @a本教材阐述了室内设计的基本理论与概念, 介绍了室内设计教学的专业基础与专业设计内容, 同时对室内设计概论、风格、构成要素、色彩设计、照明设计、陈设设计、家具设计、绿化设计、设计方法、空间设计等重点内容进行了解析; 本书阐述了大量设计理论, 结合了许多前沿优秀的大师设计案例, 以深入浅出的表达使本书具有了较高可读性与实用性。室内设计是对建筑空间进行的再创造, 是建筑设计的延续和深化。它的任务是组织空间, 以合适的材料、色彩、光影和陈设等为手段, 把建筑内部的功能、气氛、格调和美感都高度统一, 从而创选出能满足使用者生理和心理双重需求的室内环境。
606 @a室内装饰设计@Ashi nei zhuang shi she ji@j教材
690    @aTU238@v5
701  0 @a刘鹏@Aliu peng@4主编
701  0 @a权凤@Aquan feng@4主编
701  0 @a袁杰@Ayuan jie@4主编
801  0 @aCN@bCDNYKJZYXY@c20220607
905    @aCDNYKJZYXY@b300660205-6@dTU238@e638@f2
    
    室内设计原理与实务/主编刘鹏, 权凤, 袁杰.-沈阳:东北大学出版社,2021.4
    186页:图 (部分彩图);29cm
    精品课程配套教材 21世纪应用型人才培养规划教材 “双创”型人才培养优秀教材
    
    ISBN 978-7-5517-2662-7:CNY75.00
    本教材阐述了室内设计的基本理论与概念, 介绍了室内设计教学的专业基础与专业设计内容, 同时对室内设计概论、风格、构成要素、色彩设计、照明设计、陈设设计、家具设计、绿化设计、设计方法、空间设计等重点内容进行了解析; 本书阐述了大量设计理论, 结合了许多前沿优秀的大师设计案例, 以深入浅出的表达使本书具有了较高可读性与实用性。室内设计是对建筑空间进行的再创造, 是建筑设计的延续和深化。它的任务是组织空间, 以合适的材料、色彩、光影和陈设等为手段, 把建筑内部的功能、气氛、格调和美感都高度统一, 从而创选出能满足使用者生理和心理双重需求的室内环境。
相关链接 在五车中查询图书 在当当中查询图书 在豆瓣中查询图书


正题名:室内设计原理与实务     索取号:TU238/638         预约/预借

序号 登录号 条形码 馆藏地/架位号 状态 备注
1 660205   300660205   柳城-5楼/37架4列1层/ [索取号:TU238/638] 在馆    
2 660206   300660206   柳城-5楼/37架4列1层/ [索取号:TU238/638] 在馆